Rubber in Kurseong, Darjeeling (Record no. 49892)

MARC details
000 -LEADER
fixed length control field 00332nam a2200145Ia 4500
100 ## - MAIN ENTRY--AUTHOR NAME
Personal name Das G
245 #0 - TITLE STATEMENT
Title Rubber in Kurseong, Darjeeling
260 ## - PUBLICATION, DISTRIBUTION, ETC. (IMPRINT)
Name of publisher Rubber Board Bulletin, 30(2)
Year of publication 2011
300 ## - PHYSICAL DESCRIPTION
Number of Pages 13-15
650 ## - SUBJECT ADDED ENTRY--TOPICAL TERM
Topical Term Darjeeling
650 ## - SUBJECT ADDED ENTRY--TOPICAL TERM
Topical Term Rubber plantation
700 ## - ADDED ENTRY--PERSONAL NAME
Personal name Chaudhuri D
700 ## - ADDED ENTRY--PERSONAL NAME
Personal name Nazeer M A
942 ## - ADDED ENTRY ELEMENTS (KOHA)
Koha item type Bibliography STAF
Holdings
Withdrawn status Lost status Damaged status Not for loan Home library Current library Shelving location Date acquired Serial Enumeration / chronology Koha item type
      Bibliography RRII Library RRII Library General 11/11/2011 Volume 30, Issue 2 Bibliography STAF